000 00251nam a22001217a 4500
003 SGT
082 _a370
_bJAI
100 _aJAIN, POORNIMA
245 _aCURRICULUM AND TEACHING
260 _aDELHI
_bKANISHKA
_c2006
300 _a157
942 _2ddc
_cBK
999 _c17419
_d17419